| 000 | 00936cab a2200265 4500 | ||
|---|---|---|---|
| 001 | WB3216-42 | ||
| 008 | 090401t1996 xxu||||| |||| 00| 0 eng d | ||
| 035 | _a(Sirsi) u74053 | ||
| 041 | _aeng | ||
| 245 | _aEliminating BSE | ||
| 260 | _c1996 | ||
| 350 | _a0 | ||
| 490 |
_aMAFF News Release _v(146/96) 25 April 1996, |
||
| 490 |
_aFarmers' Weekly _v26 April 1996, 7&10&20(5) |
||
| 520 | _aFurther proposals to target cattle for slaughter or movement restriction include tracing recorded BSE cases, using farm records to find cattle of a similar age from the same herd and culling or restricting defined birth cohort associated directly with BSE. The calf slaughter scheme opened on 22 April 1996. | ||
| 650 | _aBEEF INDUSTRY | ||
| 650 | _aBSE | ||
| 650 | _aCALF PROCESSING SCHEME | ||
| 650 | _aCATTLE | ||
| 650 | _aCULL | ||
| 650 | _aSLAUGHTER SCHEME | ||
| 690 | _aRURAL PRACTICE | ||
| 942 | _n0 | ||
| 948 | _c04/03/1997 | ||
| 999 |
_c46745 _d46745 |
||